¿Qué conciliación? una propuesta de modelo integral (Registro nro. 41757)
[ vista simple ]
| 000 -CABECERA | |
|---|---|
| Longitud fija campo de control | 00857naa a2200265 c 4500 |
| 001 - NÚMERO DE CONTROL | |
| Número de control | 41757 |
| 003 - IDENTIFICADOR DE NÚMERO DE CONTROL | |
| Identificador del número de control | ES-MaCES |
| 005 - FECHA Y HORA DE LA ÚLTIMA TRANSACCIÓN | |
| Fecha y hora de la última transacción | 20251126101740.0 |
| 008 - CAMPO FIJO DE DESCRIPCIÓN FIJA--INFORMACIÓN GENERAL | |
| Códigos de información de longitud fija | 110520n2010 sp d t 000 | spa d |
| 035 ## - NÚMERO DE CONTROL DEL SISTEMA | |
| Número de control del sistema | CES20110006499v |
| 040 ## - FUENTE DE CATALOGACIÓN | |
| Centro catalogador de origen | ES-MaCES |
| Lengua de catalogación | spa |
| Centro transcriptor | ES-MaCES |
| 100 1# - ENCABEZAMIENTO PRINCIPAL--NOMBRE PERSONAL | |
| Nombre de persona | Tobío Soler, Constanza |
| 9 (RLIN) | 24952 |
| 245 11 - MENCIÓN DE TÍTULO | |
| Título | ¿Qué conciliación? una propuesta de modelo integral |
| Mención de responsabilidad, etc. | Constanza Tobío Soler |
| 650 #4 - ASIENTO SECUNDARIO DE MATERIA--TÉRMINO DE MATERIA | |
| Término de materia o nombre geográfico como elemento inicial | espacio social europeo |
| 9 (RLIN) | 30775 |
| 650 #4 - ASIENTO SECUNDARIO DE MATERIA--TÉRMINO DE MATERIA | |
| Término de materia o nombre geográfico como elemento inicial | datos estadísticos |
| 9 (RLIN) | 30765 |
| 650 #4 - ASIENTO SECUNDARIO DE MATERIA--TÉRMINO DE MATERIA | |
| Término de materia o nombre geográfico como elemento inicial | prestaciones familiares |
| 9 (RLIN) | 27038 |
| 650 #4 - ASIENTO SECUNDARIO DE MATERIA--TÉRMINO DE MATERIA | |
| Término de materia o nombre geográfico como elemento inicial | conciliación |
| 9 (RLIN) | 27303 |
| 650 #4 - ASIENTO SECUNDARIO DE MATERIA--TÉRMINO DE MATERIA | |
| Término de materia o nombre geográfico como elemento inicial | familia |
| 9 (RLIN) | 27318 |
| 650 #4 - ASIENTO SECUNDARIO DE MATERIA--TÉRMINO DE MATERIA | |
| Término de materia o nombre geográfico como elemento inicial | política laboral |
| 9 (RLIN) | 28290 |
| 653 10 - TÉRMINO DE INDEXACIÓN--NO CONTROLADO | |
| Término no controlado | Relaciones laborales-Empleo |
| 773 0# - ENTRADA DE DOCUMENTO FUENTE | |
| Título | Mujeres |
| Parte(s) relacionada(s) | p. 19-38 |
| Número de control del registro relacionado | (ES-MaCES)23771 |
| 902 ## - CES. TIPO DE DOCUMENTO | |
| Tipodoc (006$c Sirtex) | ARL Artículo de libro |
| 942 ## - ELEMENTOS KOHA | |
| Fuente de clasificaión o esquema | Clasificación propia del CES |
| Koha [por defecto] tipo de item | Artículos (1982-2017) |
| Parte de clasificación | 2.0. |
No hay ítems disponibles.
